Statistiques concernant Quiz sur le Monténégro

Cliquez ici pour prendre le quiz!

Statistiques générales

  • Ce quiz a été pris 4 403 fois
  • Le résultat moyen est 13 sur 18

Statistiques - réponses

QuestionRéponse% Correct
Pays frontaliersSerbie
95%
Pays frontaliersCroatie
94%
Pays frontaliersAlbanie
93%
Pays frontaliersBosnie-Herzégovine
92%
Pays frontaliersKosovo
92%
Pays auquel le Monténégro appartenait jusqu'en 1992Yougoslavie
89%
Capitale et plus grande villePodgorica
83%
Langue officielleMonténégrin
80%
Animal à deux têtes qui figure sur le drapeau nationalAigle
75%
Partie de la Mer Méditerranée qui borde le MonténégroMer Adriatique
75%
Péninsule sur laquelle le Monténégro se situeBalkans
68%
Signification du nom du MonténégroMontagne Noire
66%
République italienne qui possédait cette région entre 1420 et 1797Venise
58%
Pays qui contrôlait le Monténégro (au moins partiellement) de 1496 à 1878Empire Ottoman
57%
Le Monténégro a rejoint l'Organisation des Nations-Unies en 2006.
Quel est le seul pays qui soit plus jeune que le Monténégro ?
Soudan du Sud
54%
Nom que celle-ci portait de 1946 à 1992, en l'honneur d'un dictateur{Tito}grad
49%
Plus grande baie, classée au patrimoine mondial de l'UNESCOBouches de {Kotor}
22%
Plus grand lac de cette péninsule, partagé avec le pays ci-dessousLac de {Shkodra}
14%

Distribution des résultats

Percentile par nombre de réponses

% des personnes avec chaque résultat

Votre développement - résultats

Vous n’avez pas pris ce quiz